00555nam a22001337a 450000500170000000800410001705000200005824501960007825000110027426000360028530000270032149000410034865000320038920190111112450.0190111b nyu||||| |||| 00| 0 spa d04aGB53 bT54 193603aLa Tierra :bLa formación de la tierra y de los mares, las fuerzas que emanan de la primera y los elementos que la componen. Geología, química, fisiografía, física y meteorología. a1a ed. aNew York :bW.M. Jackson,c1936 a416 p. :bil ;c25 cm.0 aModerna de Conocimientos Universales 72lembaGeografía física.